61 Babynamen der Woche 20/26' - Statistiken

Allgemein
  • Dieses Quiz wurde 8 mal gespielt
  • Das Durchschnittsergebnis liegt bei 45 aus 61
Antwortstatistiken
📍 Vorname % Korrekt
An..m.r.e ♀️ Annemarie
100%
Ar..l ♀️ Ariel
100%
Ar.e ♂️ Arne
100%
El..a ♀️ Elisa
100%
Fi.n ♂️ Finn
100%
G.b.i.l.e ♀️ Gabrielle
100%
Io.n ♂️ Ioan
100%
Ja.k.o ♂️ Jaakko
100%
J.k.b ♂️ Jakob
100%
J.n ♂️ Jan
100%
Ja.m.n ♀️ Jasmin
100%
J.h.n.a ♀️ Johanna
100%
J.n.s ♂️ Jonas
100%
K.t..r..a ♀️ Katharina
100%
La.a ♀️ Lara
100%
Le.a ♀️ Lena
100%
Ly.n ♀️ Lynn
100%
M.t..o ♂️ Matteo
100%
M.x.m.l..n ♂️ Maximilian
100%
No.l ♂️ Noel
100%
Bi.k ♂️ Birk
86%
Ca.p.r ♂️ Caspar
86%
Ch..l.s ♂️ Charles
86%
D.a.a ♀️ Diana
86%
El..e ♀️ Elise
86%
He.m.t ♂️ Helmut
86%
I.a ♀️ Ina
86%
J.y ♀️ Joy
86%
L.o.y ♀️ Leony
86%
M.r..z ♂️ Moritz
86%
Ne.e ♀️ Nele
86%
Pe.e ♂️ Pete
86%
Ro.e ♀️ Rose
86%
Ru.i ♂️ Rudi
86%
R.d..f ♂️ Rudolf
86%
W.l.i ♂️ Willi
86%
Al.s.a ♀️ Alissa
71%
H.l..e ♀️ Helene
71%
Ho.e ♀️ Hope
71%
Kr..t.f ♂️ Kristof
71%
Ma.c.s ♂️ Marcus
71%
R.s.l.e ♀️ Rosalie
71%
T.m.y ♂️ Tommy
71%
Co.m.n ♂️ Cosmin
57%
Ma.t.n ♂️ Martin
57%
Qu.r.n ♂️ Quirin
57%
T.s.a ♀️ Tessa
57%
V.l..t..a ♀️ Valentina
57%
W.l.y ♀️ Wally
57%
Al.z.e ♀️ Alizee
43%
A.r.l..s ♂️ Aurelius
43%
L.d.v..a ♀️ Ludovica
43%
S.p..e ♀️ Sophie
43%
P.n.l..e ♀️ Penelope
29%
T.o.e ♂️ Thore
29%
T.m.a ♀️ Timea
29%
H.l.i ♀️ Hildi
14%
M.b..a ♀️ Mobina
14%
D.l.t.a ♀️ Diletta
0%
M.i.i ♀️ Maivi
0%
R.m.o ♂️ Remco
0%
Keine übereinstimmenden Quizze gefunden
Verteilung der Resultate
Anzahl Personen mit jedem Resultat
Perzentil nach korrekt beantworteten Fragen
Ihre Resultats-Entwicklung
Sie haben dieses Quiz noch nicht gespielt